Football multiple choice niveau moyen - Statistiques

Statistiques générales
  • Ce quiz a été pris 80 fois
  • Le résultat moyen est 10 sur 15
Statistiques - réponses
Question Réponse % Correct
Qui a gagné l'euro 2004? Grèce
96%
Quel joueur n'a pas gagné la coupe du monde? Dimitry Payet
88%
Quels est le club le plus titré de France PSG
88%
Quel club a remporté le plus de titres de Premier League ( depuis 1992?) Manchester United
83%
Quel joueur n'a pas gagné le ballon d'or? Dennis Bergkamp
80%
Quelle équipe n'a jamais gagné la LDC? Sporting Lisbonne
80%
Quel joeur français a été transféré pour la plus grosse somme en PL? Pogba
74%
Quel joueur détient le record de buts en sélection nationale ? Cristiano Ronaldo
72%
Qui est le meilleure buteur sur une saison de Premier League? Haaland
71%
Quel gardien de but détient le record de clean sheets en Premier League ? Petr Cech
62%
Quel joueur brésilien a coûté le plus cher à un club anglais? Anthony (Manchester United)
61%
Quel pays a formé le plus de joueurs évoluant en Ligue 1 (hors Frsnce)? Sénégal
57%
Quel est le stade ayant la plus grande capacité en Premier league ? Old Trafford
35%
Quelle est la nation la plus représenté dans le championnat anglais ?( hors personne venant du royaume-unis) Brésil
20%
Quel gardien a gagné le plus de trophées Yachine? Courtois
13%
Aucun quiz correspondant
Distribution des résultats
% des personnes avec chaque résultat
Percentile par nombre de réponses
Votre historique - résultats
Vous n’avez pas pris ce quiz